Nghiên cứu chiết tách và xác định thành phần hóa học của tinh dầu lá cây gai xanh

Tổng quan đề tài. Nguyên liệu thực nghiệm. Kết quả và bàn luận

Guardat en:
Dades bibliogràfiques
Autor principal: Trần Đức Mạnh
Altres autors: Đào Hùng Cường PGS.TS (Hướng dẫn)
Format: Llibre
Idioma:Vietnamese
Publicat: Đà Nẵng Đại học Đà Nẵng 2009
Matèries:
Etiquetes: Afegir etiqueta
Sense etiquetes, Sigues el primer a etiquetar aquest registre!
Thư viện lưu trữ: Mạng thư viện Đại học Đà Nẵng
LEADER 01369nam a2200349 4500
001 000010487
003 6692
005 20111214091254.0
008 111214s2009 viesd
041 |a vie 
072 |a Luận văn Thạc sĩ Khoa học 
082 |a 664.5  |b TR-M 
100 |a Trần Đức Mạnh 
245 |a Nghiên cứu chiết tách và xác định thành phần hóa học của tinh dầu lá cây gai xanh  |c Trần Đức Mạnh 
260 |a Đà Nẵng  |b Đại học Đà Nẵng  |c 2009 
300 |a 79tr.  |c 29 cm 
500 |a Luận văn Thạc sĩ Khoa học. Chuyên ngành: Hóa hữu cơ. Mã số: 60.44.27 
520 |a Tổng quan đề tài. Nguyên liệu thực nghiệm. Kết quả và bàn luận 
653 |a Hóa học 
653 |a Luận văn Thạc sĩ 
653 |a Cây gai xanh 
700 |a Đào Hùng Cường  |c PGS.TS  |e Hướng dẫn 
OWN |a LSP 
AVA |a UDN50  |b LSP  |d 664.5 TR-M  |e available  |t Error 5001 Not defined in file expand_doc_bib_avail.  |f 1  |g 0  |h N  |i 0  |k 1 
999 |a From the UDN01 
AVA |a UDN50  |b LSP  |d 664.5 TR-M  |e available  |t Error 5001 Not defined in file expand_doc_bib_avail.  |f 1  |g 0  |h N  |i 0  |k 1 
TYP |a Monograph 
TYP |a Printed language 
980 |a Mạng thư viện Đại học Đà Nẵng